[Event "Oberliga Ost B 2017 2018"]
[Site "Germany"]
[Date "2017.12.10"]
[Round "4.5"]
[White "George, Tom"]
[Black "Duncker, Joachim"]
[Result "0-1"]
[WhiteElo "2205"]
[BlackElo "2243"]
[PlyCount "172"]
[EventDate "2017.10.22"]
[EventType "team-tourn"]
[EventCountry "GER"]
[WhiteTeam "Stadtilm SG BW"]
[BlackTeam "Marburg SK"]
[WhiteTeamCountry "GER"]
[BlackTeamCountry "GER"]

1. e4 d5 2. exd5 Nf6 3. Nf3 Qxd5 4. Nc3 Qa5 5. d4 Bf5 6. Ne5 c6 7. Bc4 Bg6 8.
O-O Nbd7 9. Qe2 e6 10. Bd2 Qc7 11. f4 O-O-O 12. Bd3 Nxe5 13. fxe5 Bxd3 14. Qxd3
Ng4 15. Ne2 f5 16. Qb3 Qd7 17. h3 Nh6 18. Bxh6 gxh6 19. Rad1 Qd5 20. c4 Qe4 21.
Qd3 Qxd3 22. Rxd3 Bc5 23. Rfd1 Bb6 24. Nf4 Rhe8 25. Kh2 Bc7 26. b4 b6 27. c5
Rd7 28. Kg3 Bd8 29. Kf3 Bg5 30. Ne2 h5 31. a4 Red8 32. Nf4 Bxf4 33. Kxf4 bxc5
34. bxc5 Rg8 35. Rg3 Rxg3 36. Kxg3 Rg7+ 37. Kf2 h4 38. Rd3 Rb7 39. Rf3 Rb2+ 40.
Kf1 Rb4 41. Rf4 Rxa4 42. Rxh4 h5 43. Rxh5 Rxd4 44. Rh6 Rf4+ 45. Ke2 Re4+ 46.
Kd3 Rxe5 47. g4 fxg4 48. hxg4 a5 49. Kc4 Re4+ 50. Kb3 Kb7 51. g5 Ka6 52. g6 Rg4
53. g7 Kb5 54. Rxe6 Rg3+ 55. Kb2 Rxg7 56. Re8 Rg2+ 57. Kb3 a4+ 58. Kc3 Rg3+ 59.
Kb2 Kxc5 60. Re4 Kb5 61. Rh4 c5 62. Ka2 Rd3 63. Kb2 a3+ 64. Ka2 Rd4 65. Rh3 Ra4
66. Rc3 Kb4 67. Rb3+ Kc4 68. Rh3 Ra6 69. Rh4+ Kc3 70. Rh3+ Kb4 71. Rb3+ Kc4 72.
Rh3 Rd6 73. Rg3 Rd2+ 74. Ka1 Rd3 75. Rg1 Kb3 76. Rh1 c4 77. Rb1+ Kc2 78. Rb6
Kd2 79. Rh6 c3 80. Rh2+ Kc1 81. Rh1+ Rd1 82. Rh2 c2 83. Ka2 Rd3 84. Ka1 Kd1 85.
Rh1+ Kd2 86. Ka2 Kc3 0-1

[Event "Oberliga Ost B 2017 2018"]
[Site "Germany"]
[Date "2017.12.10"]
[Round "4.6"]
[White "Foermes, Alexander"]
[Black "Siebarth, Marco"]
[Result "1/2-1/2"]
[WhiteElo "2066"]
[BlackElo "2024"]
[PlyCount "57"]
[EventDate "2017.10.22"]
[EventType "team-tourn"]
[EventCountry "GER"]
[WhiteTeam "Marburg SK"]
[BlackTeam "Stadtilm SG BW"]
[WhiteTeamCountry "GER"]
[BlackTeamCountry "GER"]

1. c4 c6 2. g3 e6 3. Bg2 d5 4. Nf3 Nf6 5. O-O Be7 6. d4 O-O 7. Qc2 Nbd7 8. Nbd2
a5 9. e4 dxe4 10. Nxe4 Nxe4 11. Qxe4 Nf6 12. Qc2 c5 13. Rd1 Qb6 14. Qb3 Qa6 15.
Bf4 a4 16. Qc2 cxd4 17. Nxd4 Bd7 18. Qe2 Rac8 19. Rac1 Bc5 20. Be5 Rfd8 21. Qf3
Bxd4 22. Rxd4 Bc6 23. Qd1 Rxd4 24. Qxd4 Bxg2 25. Kxg2 Qc6+ 26. f3 Ne8 27. Qd3
f6 28. Bf4 e5 29. Be3 1/2-1/2

[Event "Oberliga Ost B 2017 2018"]
[Site "Germany"]
[Date "2017.12.10"]
[Round "4.7"]
[White "Neubauer, Andreas"]
[Black "Heiling, Thomas"]
[Result "0-1"]
[WhiteElo "2145"]
[BlackElo "2217"]
[PlyCount "64"]
[EventDate "2017.10.22"]
[EventType "team-tourn"]
[EventCountry "GER"]
[WhiteTeam "Stadtilm SG BW"]
[BlackTeam "Marburg SK"]
[WhiteTeamCountry "GER"]
[BlackTeamCountry "GER"]

1. Nf3 Nf6 2. g3 b6 3. Bg2 Bb7 4. O-O c5 5. c4 e6 6. b3 a6 7. Bb2 d6 8. d3 Nbd7
9. e4 Be7 10. Nbd2 O-O 11. Qe2 Qc7 12. h3 Rad8 13. Nh2 Rfe8 14. f4 g6 15. g4 e5
16. fxe5 dxe5 17. Ndf3 Bf8 18. Qf2 Bg7 19. Qg3 Re7 20. Rae1 Ne8 21. g5 Nf8 22.
Re3 Bc8 23. Rf2 h5 24. Bf1 Qd6 25. Kh1 Nc7 26. Nh4 Nce6 27. N2f3 Nd4 28. Nxd4
cxd4 29. Ree2 Qb4 30. Bc1 a5 31. Bg2 Nd7 32. Rb2 Qe1+ 0-1

[Event "Oberliga Ost B 2017 2018"]
[Site "Germany"]
[Date "2017.12.10"]
[Round "4.8"]
[White "Cimen, Merih"]
[Black "Wolf, Philipp"]
[Result "0-1"]
[WhiteElo "1939"]
[BlackElo "1832"]
[PlyCount "70"]
[EventDate "2017.10.22"]
[EventType "team-tourn"]
[EventCountry "GER"]
[WhiteTeam "Marburg SK"]
[BlackTeam "Stadtilm SG BW"]
[WhiteTeamCountry "GER"]
[BlackTeamCountry "GER"]

1. e4 c5 2. d4 cxd4 3. c3 Nf6 4. e5 Nd5 5. Nf3 e6 6. cxd4 b6 7. Nc3 Nxc3 8.
bxc3 Bb7 9. Bd3 h6 10. O-O Qc7 11. Bd2 d6 12. Re1 Nd7 13. Be4 Bxe4 14. Rxe4
dxe5 15. Qa4 exd4 16. cxd4 Qb7 17. Rg4 b5 18. Qb3 Nf6 19. Rg3 Bd6 20. Ne5 Ne4
21. Qf3 Bxe5 22. dxe5 Rb8 23. Bb4 Nxg3 24. Qxb7 Rxb7 25. hxg3 f6 26. Bd6 fxe5
27. Bxe5 Kf7 28. Rb1 Rd8 29. Kh2 Rd2 30. a3 Rxf2 31. Bf4 a6 32. Be3 Re2 33.
Rf1+ Kg6 34. Bc5 Rc7 35. Bb4 Rcc2 0-1

[Event "Oberliga Ost B 2017 2018"]
[Site "Germany"]
[Date "2017.12.10"]
[Round "4.1"]
[White "Konopka, Michal"]
[Black "Chojnacki, Krzysztof"]
[Result "0-1"]
[WhiteElo "2391"]
[BlackElo "2377"]
[PlyCount "82"]
[EventDate "2017.10.22"]
[EventType "team-tourn"]
[EventCountry "GER"]
[WhiteTeam "Schoeneck SF"]
[BlackTeam "Wiesbadener SV"]
[WhiteTeamCountry "GER"]
[BlackTeamCountry "GER"]

1. Nf3 Nf6 2. d4 g6 3. g3 Bg7 4. Bg2 O-O 5. O-O d6 6. b3 c5 7. c4 Nc6 8. Bb2
cxd4 9. Nxd4 Qb6 10. e3 Bg4 11. Qd2 Rfd8 12. h3 Bd7 13. Nc3 Rac8 14. Rac1 Qa5
15. Rfd1 a6 16. Nce2 Qb6 17. Bc3 Re8 18. Qb2 Nxd4 19. Bxd4 Qc7 20. c5 e5 21.
cxd6 Qxd6 22. Bc5 Qe6 23. g4 Bf8 24. Bxf8 Rxf8 25. Bxb7 Rxc1 26. Rxc1 h5 27.
Ng3 hxg4 28. hxg4 Nxg4 29. Qe2 a5 30. Qa6 Qe7 31. Qf1 Kg7 32. Bf3 Rh8 33. Bxg4
Bxg4 34. Qg2 Qa3 35. Rc2 Qd6 36. Nf1 Bh3 37. Qf3 Bxf1 38. Kxf1 Qd3+ 39. Qe2
Rh1+ 40. Kg2 Qe4+ 41. f3 Qh4 0-1

[Event "Oberliga Ost B 2017 2018"]
[Site "Germany"]
[Date "2017.12.10"]
[Round "4.2"]
[White "Geske, Julian"]
[Black "Marchio, Enrico"]
[Result "1-0"]
[WhiteElo "2398"]
[BlackElo "2292"]
[PlyCount "103"]
[EventDate "2017.10.22"]
[EventType "team-tourn"]
[EventCountry "GER"]
[WhiteTeam "Wiesbadener SV"]
[BlackTeam "Schoeneck SF"]
[WhiteTeamCountry "GER"]
[BlackTeamCountry "GER"]

1. c4 b6 2. Nc3 Bb7 3. e4 e6 4. d4 Bb4 5. f3 f5 6. exf5 exf5 7. Bd3 Qh4+ 8. Kf1
Bxc3 9. bxc3 Ne7 10. Ba3 Nbc6 11. Qe2 O-O-O 12. d5 Rde8 13. dxc6 Nxc6 14. Qf2
Qf6 15. Bb2 Ne5 16. Be2 Ba6 17. Qd4 c5 18. Qd5 Bb7 19. Qd2 Ba6 20. Qd5 Qe6 21.
Rd1 Kc7 22. Bc1 Nxc4 23. Qxe6 Rxe6 24. Nh3 Rhe8 25. Nf4 Re5 26. h4 Nb2 27. Rd2
Bxe2+ 28. Rxe2 Rxe2 29. Nxe2 Nd3 30. Bd2 g6 31. Nf4 Nxf4 32. Bxf4+ Kc6 33. Kf2
b5 34. Re1 Rxe1 35. Kxe1 Kd5 36. Kd2 Kc4 37. Bd6 b4 38. cxb4 cxb4 39. Kc2 a5
40. Bc7 a4 41. Be5 d5 42. Bb2 d4 43. Kd2 a3 44. Ba1 h6 45. g3 g5 46. h5 b3 47.
axb3+ Kxb3 48. Bxd4 Kc4 49. Bg7 a2 50. Kc2 g4 51. fxg4 fxg4 52. Kb2 1-0

[Event "Oberliga Ost B 2017 2018"]
[Site "Germany"]
[Date "2017.12.10"]
[Round "4.3"]
[White "Nazarenus, Moritz"]
[Black "Dubkov, Andrej"]
[Result "1/2-1/2"]
[WhiteElo "2241"]
[BlackElo "2328"]
[PlyCount "34"]
[EventDate "2017.10.22"]
[EventType "team-tourn"]
[EventCountry "GER"]
[WhiteTeam "Schoeneck SF"]
[BlackTeam "Wiesbadener SV"]
[WhiteTeamCountry "GER"]
[BlackTeamCountry "GER"]

1. d4 d5 2. c4 dxc4 3. Nf3 c6 4. e3 b5 5. b3 cxb3 6. axb3 e6 7. Be2 Nd7 8. O-O
Ngf6 9. Bd2 b4 10. Qc2 Bb7 11. Ba6 Qb6 12. Bxb7 Qxb7 13. e4 Be7 14. Bg5 O-O 15.
Nbd2 Rfc8 16. e5 Nd5 17. Bxe7 Nxe7 1/2-1/2

[Event "Oberliga Ost B 2017 2018"]
[Site "Germany"]
[Date "2017.12.10"]
[Round "4.4"]
[White "Gottschalk, Jens"]
[Black "Schaack, Harry"]
[Result "1/2-1/2"]
[WhiteElo "2268"]
[BlackElo "2207"]
[PlyCount "38"]
[EventDate "2017.10.22"]
[EventType "team-tourn"]
[EventCountry "GER"]
[WhiteTeam "Wiesbadener SV"]
[BlackTeam "Schoeneck SF"]
[WhiteTeamCountry "GER"]
[BlackTeamCountry "GER"]

1. d4 Nf6 2. c4 g6 3. g3 Bg7 4. Bg2 O-O 5. Nc3 d6 6. Nf3 Nc6 7. O-O a6 8. Qd3
e5 9. dxe5 Nxe5 10. Nxe5 dxe5 11. Qxd8 Rxd8 12. Bg5 Re8 13. Rad1 c6 14. b3 Be6
15. h3 h6 16. Be3 Rad8 17. Bb6 Rxd1 18. Rxd1 Nd7 19. Bc7 f5 1/2-1/2

[Event "Oberliga Ost B 2017 2018"]
[Site "Germany"]
[Date "2017.12.10"]
[Round "4.5"]
[White "Everett, Elijah"]
[Black "Minor, Samuel"]
[Result "1-0"]
[WhiteElo "2168"]
[BlackElo "2244"]
[PlyCount "83"]
[EventDate "2017.10.22"]
[EventType "team-tourn"]
[EventCountry "GER"]
[WhiteTeam "Schoeneck SF"]
[BlackTeam "Wiesbadener SV"]
[WhiteTeamCountry "GER"]
[BlackTeamCountry "GER"]

1. e4 c5 2. Nf3 d6 3. d4 cxd4 4. Nxd4 Nf6 5. Nc3 Nc6 6. Bc4 e6 7. Be3 Be7 8.
Qe2 Bd7 9. O-O-O a6 10. Bb3 O-O 11. Kb1 Qc7 12. g4 Nxd4 13. Rxd4 Bc6 14. g5 Nd7
15. Qh5 Rfe8 16. Rg1 b5 17. f4 g6 18. Qh3 Nc5 19. f5 Nxb3 20. axb3 Bf8 21. f6
Qb7 22. e5 dxe5 23. Rh4 h5 24. Rxh5 gxh5 25. Qxh5 Bf3 26. Qh3 Be4 27. Nxe4 Qxe4
28. g6 Qxg6 29. Rxg6+ fxg6 30. Qg2 Kf7 31. Bg5 Ra7 32. h4 Rc8 33. Qe4 Rac7 34.
h5 gxh5 35. Qh7+ Ke8 36. Qxh5+ Kd7 37. Bd2 Kc6 38. Qh1+ Kd7 39. Qh7+ Ke8 40.
Qh5+ Kd7 41. Ba5 Rb7 42. Qf7+ 1-0

[Event "Oberliga Ost B 2017 2018"]
[Site "Germany"]
[Date "2017.12.10"]
[Round "4.7"]
[White "Meyer, Kai Christian"]
[Black "Kayser, Felix"]
[Result "1-0"]
[WhiteElo "2158"]
[BlackElo "2149"]
[PlyCount "29"]
[EventDate "2017.10.22"]
[EventType "team-tourn"]
[EventCountry "GER"]
[WhiteTeam "Schoeneck SF"]
[BlackTeam "Wiesbadener SV"]
[WhiteTeamCountry "GER"]
[BlackTeamCountry "GER"]

1. c4 e6 2. e4 c5 3. Nc3 Nc6 4. Nf3 a6 5. Be2 Nf6 6. O-O d5 7. exd5 exd5 8.
cxd5 Nxd5 9. d4 cxd4 10. Nxd4 Nxc3 11. bxc3 Be7 12. Nxc6 bxc6 13. Qxd8+ Bxd8
14. Bf3 O-O 15. Ba3 1-0

[Event "Oberliga Ost B 2017 2018"]
[Site "Germany"]
[Date "2017.12.10"]
[Round "4.8"]
[White "Ungurean, Florin Ioan"]
[Black "Poetsch, Gero"]
[Result "0-1"]
[WhiteElo "1979"]
[BlackElo "1928"]
[PlyCount "68"]
[EventDate "2017.10.22"]
[EventType "team-tourn"]
[EventCountry "GER"]
[WhiteTeam "Wiesbadener SV"]
[BlackTeam "Schoeneck SF"]
[WhiteTeamCountry "GER"]
[BlackTeamCountry "GER"]

1. d4 Nf6 2. Nf3 c5 3. d5 e6 4. c4 exd5 5. cxd5 d6 6. e4 g6 7. Nc3 Bg7 8. Bb5+
Bd7 9. Bd3 Bg4 10. O-O O-O 11. Bf4 Nh5 12. Be3 a6 13. a4 Nd7 14. Be2 Re8 15.
Nd2 Bxe2 16. Qxe2 Qh4 17. g3 Qh3 18. Nd1 Ne5 19. f3 f5 20. Qg2 Qxg2+ 21. Kxg2
b5 22. axb5 axb5 23. Nc3 fxe4 24. Ncxe4 Nf7 25. g4 Nf6 26. Bf4 Nxd5 27. Kg3
Nxf4 28. Kxf4 d5 29. Rxa8 Rxa8 30. Nxc5 Bh6+ 31. Kg3 Bxd2 32. Rd1 Bb4 33. Rxd5
Rd8 34. Nd7 Bd6+ 0-1

[Event "Oberliga Ost B 2017 2018"]
[Site "Germany"]
[Date "2018.01.21"]
[Round "5.1"]
[White "Uwira, Oliver"]
[Black "Teske, Henrik"]
[Result "1/2-1/2"]
[WhiteElo "2251"]
[BlackElo "2471"]
[PlyCount "102"]
[EventDate "2017.10.22"]
[EventType "team-tourn"]
[EventCountry "GER"]
[WhiteTeam "Frankfurt SC Koenig Nied"]
[BlackTeam "Erfurt SV Empor"]
[WhiteTeamCountry "GER"]
[BlackTeamCountry "GER"]

1. d4 Nf6 2. c4 b6 3. Nc3 Bb7 4. d5 e6 5. a3 exd5 6. cxd5 g6 7. g3 Bg7 8. Bg2
O-O 9. Nf3 c5 10. O-O d6 11. Nd2 Na6 12. Nc4 Nc7 13. Bf4 Nfe8 14. Rc1 Rb8 15.
Re1 Ba6 16. b3 Bxc4 17. bxc4 a6 18. e4 b5 19. a4 b4 20. Nb1 Na8 21. Nd2 Nb6 22.
a5 Nd7 23. Nb3 h5 24. Bd2 Bb2 25. Rc2 Qf6 26. Bh6 Ng7 27. f4 Bd4+ 28. Kh1 Qe7
29. e5 Bc3 30. Ree2 dxe5 31. fxe5 Bxe5 32. d6 Qd8 33. Nxc5 Re8 34. Nxa6 b3 35.
Rc1 b2 36. Rb1 Qxa5 37. Nxb8 Rxb8 38. Bf4 Bf6 39. Bc6 Nc5 40. Be5 Bxe5 41. Rxe5
Nge6 42. Re3 Rb6 43. Bd5 Rxd6 44. Rxb2 Kh7 45. Rf2 Qa7 46. Rf6 Ra6 47. Qf1 Kg8
48. Re1 Qe7 49. Qf3 Nd7 50. Rexe6 Rxe6 51. Rxe6 fxe6 1/2-1/2

[Event "Oberliga Ost B 2017 2018"]
[Site "Germany"]
[Date "2018.01.21"]
[Round "5.2"]
[White "Langheinrich, Ferenc"]
[Black "Wege, Jochen"]
[Result "1-0"]
[WhiteElo "2373"]
[BlackElo "2294"]
[PlyCount "147"]
[EventDate "2017.10.22"]
[EventType "team-tourn"]
[EventCountry "GER"]
[WhiteTeam "Erfurt SV Empor"]
[BlackTeam "Frankfurt SC Koenig Nied"]
[WhiteTeamCountry "GER"]
[BlackTeamCountry "GER"]

1. e4 e6 2. d4 d5 3. Nc3 Bb4 4. exd5 exd5 5. Bd3 c6 6. Nf3 Ne7 7. h3 O-O 8. O-O
Bf5 9. Re1 Bxd3 10. Qxd3 Ng6 11. Bg5 Qc7 12. h4 h6 13. Bd2 Bd6 14. g3 Bxg3 15.
fxg3 Qxg3+ 16. Kf1 Qh3+ 17. Kf2 Nxh4 18. Rg1 Nxf3 19. Rg3 Qh5 20. Qxf3 Qxf3+
21. Kxf3 Kh7 22. Rag1 g6 23. Rh3 h5 24. Ne2 Nd7 25. Nf4 Nf6 26. Bb4 Rfe8 27.
Bd6 Re4 28. Be5 Nd7 29. Nxh5 Nxe5+ 30. dxe5 Rxe5 31. Nf6+ Kg7 32. Ng4 Re6 33.
Rgh1 Rae8 34. Rh7+ Kf8 35. Kg3 Ke7 36. Rf1 Rf8 37. Rf2 d4 38. Rg7 c5 39. Nh6
Kd6 40. Nxf7+ Kd5 41. Ng5 Rxf2 42. Kxf2 Rb6 43. b3 a5 44. Rd7+ Kc6 45. Rd8 a4
46. Ke2 axb3 47. axb3 Kb5 48. Ne4 Re6 49. Kd3 b6 50. Rd5 Kb4 51. Rg5 Kb5 52.
Rg1 Kb4 53. Ra1 Kb5 54. Re1 Kb4 55. Rf1 Kb5 56. Rf4 Kb4 57. Kd2 c4 58. Ng5 Rd6
59. bxc4 Kxc4 60. Nf3 b5 61. Rg4 b4 62. Ne5+ Kd5 63. Nxg6 Rf6 64. Rg5+ Kd6 65.
Ne5 Rf2+ 66. Kd3 Rh2 67. Nc4+ Kc6 68. Na5+ Kb6 69. Nb3 Rh3+ 70. Kxd4 Rc3 71.
Rc5 Rh3 72. Kc4 Rh4+ 73. Nd4 Ka6 74. Rd5 1-0

[Event "Oberliga Ost B 2017 2018"]
[Site "Germany"]
[Date "2018.01.21"]
[Round "5.3"]
[White "Staller, Peter"]
[Black "Michalowski, Peter"]
[Result "1/2-1/2"]
[WhiteElo "2267"]
[BlackElo "2064"]
[PlyCount "82"]
[EventDate "2017.10.22"]
[EventType "team-tourn"]
[EventCountry "GER"]
[WhiteTeam "Frankfurt SC Koenig Nied"]
[BlackTeam "Erfurt SV Empor"]
[WhiteTeamCountry "GER"]
[BlackTeamCountry "GER"]

1. Nf3 Nf6 2. g3 d5 3. Bg2 e6 4. O-O Be7 5. d4 O-O 6. c4 dxc4 7. Ne5 Nc6 8.
Nxc6 bxc6 9. Na3 Bxa3 10. bxa3 Rb8 11. e4 c5 12. dxc5 e5 13. Qa4 Be6 14. Rd1
Qe7 15. c6 Qc5 16. h3 Qb5 17. Qxb5 Rxb5 18. Be3 a6 19. a4 Rb2 20. Rdc1 Rd8 21.
a5 Rd6 22. Rab1 Rxb1 23. Rxb1 h6 24. Rc1 Rxc6 25. Bd2 Nd7 26. f4 f6 27. f5 Bf7
28. Bf1 Kf8 29. Bb4+ Ke8 30. Kf2 Nc5 31. Ke3 Nb7 32. Rc3 Nd6 33. a4 Nb7 34. Be2
Bg8 35. g4 Bf7 36. Bf1 Bg8 37. Be2 Bf7 38. Bf1 Nd6 39. Be2 Bg8 40. Bf1 Bf7 41.
Be2 Nb7 1/2-1/2

[Event "Oberliga Ost B 2017 2018"]
[Site "Germany"]
[Date "2018.01.21"]
[Round "5.5"]
[White "Haenisch, Uwe"]
[Black "Wiemers, Holger"]
[Result "1-0"]
[WhiteElo "2195"]
[BlackElo "1975"]
[PlyCount "57"]
[EventDate "2017.10.22"]
[EventType "team-tourn"]
[EventCountry "GER"]
[WhiteTeam "Frankfurt SC Koenig Nied"]
[BlackTeam "Erfurt SV Empor"]
[WhiteTeamCountry "GER"]
[BlackTeamCountry "GER"]

1. e4 e5 2. f4 d5 3. exd5 exf4 4. Nf3 Nf6 5. d4 Nxd5 6. Bc4 Be7 7. O-O Be6 8.
Ne5 Ne3 9. Bxe3 Bxc4 10. Rxf4 Be6 11. Qf3 Bg5 12. Rxf7 Bxe3+ 13. Qxe3 Rf8 14.
Rxf8+ Kxf8 15. Nc3 c6 16. Rf1+ Kg8 17. Nxc6 Qd6 18. Nd8 Qxd8 19. Qxe6+ Kh8 20.
Nd5 Nc6 21. c3 Qa5 22. a3 Rg8 23. Nf4 Qg5 24. Rf3 g6 25. Qd7 Na5 26. h4 Qh6 27.
Qe7 Nc4 28. Ne6 Qc1+ 29. Kh2 1-0

[Event "Oberliga Ost B 2017 2018"]
[Site "Germany"]
[Date "2018.01.21"]
[Round "5.6"]
[White "Schmuck, Helmut"]
[Black "Goll, Christof"]
[Result "1/2-1/2"]
[WhiteElo "2120"]
[BlackElo "2056"]
[PlyCount "25"]
[EventDate "2017.10.22"]
[EventType "team-tourn"]
[EventCountry "GER"]
[WhiteTeam "Erfurt SV Empor"]
[BlackTeam "Frankfurt SC Koenig Nied"]
[WhiteTeamCountry "GER"]
[BlackTeamCountry "GER"]

1. d4 e6 2. c4 f5 3. g3 Nf6 4. Bg2 Bb4+ 5. Bd2 Qe7 6. Nf3 O-O 7. Nc3 d6 8. Qb3
Bxc3 9. Bxc3 Ne4 10. O-O Nxc3 11. Qxc3 Nc6 12. d5 Nd8 13. dxe6 1/2-1/2

[Event "Oberliga Ost B 2017 2018"]
[Site "Germany"]
[Date "2018.01.21"]
[Round "5.7"]
[White "Bittner, Peter"]
[Black "Heinke, Jasper"]
[Result "1/2-1/2"]
[WhiteElo "1877"]
[BlackElo "1940"]
[PlyCount "21"]
[EventDate "2017.10.22"]
[EventType "team-tourn"]
[EventCountry "GER"]
[WhiteTeam "Frankfurt SC Koenig Nied"]
[BlackTeam "Erfurt SV Empor"]
[WhiteTeamCountry "GER"]
[BlackTeamCountry "GER"]

1. e4 c5 2. Nf3 d6 3. c3 Nf6 4. Qc2 Nc6 5. Be2 g6 6. d3 Bg7 7. h3 O-O 8. Be3 b5
9. O-O a5 10. Nbd2 Bd7 11. Rfd1 1/2-1/2

[Event "Oberliga Ost B 2017 2018"]
[Site "Germany"]
[Date "2018.01.21"]
[Round "5.8"]
[White "Pichl, Michael"]
[Black "Lemonidis, Christos"]
[Result "1-0"]
[WhiteElo "2049"]
[BlackElo "1800"]
[PlyCount "91"]
[EventDate "2017.10.22"]
[EventType "team-tourn"]
[EventCountry "GER"]
[WhiteTeam "Erfurt SV Empor"]
[BlackTeam "Frankfurt SC Koenig Nied"]
[WhiteTeamCountry "GER"]
[BlackTeamCountry "GER"]

1. g3 d6 2. Bg2 e5 3. c4 Nd7 4. Nc3 g6 5. Nf3 Bg7 6. O-O Nh6 7. d4 O-O 8. e4 c6
9. h3 Qe7 10. Re1 f6 11. b3 Rd8 12. Bb2 Nf8 13. Qd2 Nf7 14. Rad1 g5 15. Nh2 h5
16. Nf1 Ng6 17. Ne3 exd4 18. Qxd4 Nge5 19. Nf5 Bxf5 20. exf5 Qc7 21. f4 Nd7 22.
Re6 Qb6 23. Qxb6 axb6 24. fxg5 Nc5 25. g6 Nh6 26. Rdxd6 Rxd6 27. Rxd6 Nxf5 28.
Rd2 Nxg3 29. b4 Na4 30. Nxa4 Rxa4 31. Rd8+ Bf8 32. Bxf6 Nf5 33. Be4 Ng7 34. Be7
Ne6 35. Rb8 Kg7 36. Rxb7 Bxe7 37. Rxe7+ Kf6 38. Rf7+ Ke5 39. Bxc6 Ra3 40. Kh2
h4 41. Bd5 Ng5 42. Rf2 Rxh3+ 43. Kg1 Rg3+ 44. Rg2 Rxg2+ 45. Kxg2 Kf6 46. a4 1-0

[Event "Oberliga Ost B 2017 2018"]
[Site "Germany"]
[Date "2018.01.21"]
[Round "5.1"]
[White "Henrich, Thomas"]
[Black "Brueggemann, Ludger"]
[Result "0-1"]
[WhiteElo "2310"]
[BlackElo "2285"]
[PlyCount "70"]
[EventDate "2017.10.22"]
[EventType "team-tourn"]
[EventCountry "GER"]
[WhiteTeam "Marburg SK"]
[BlackTeam "Frankfurter TV"]
[WhiteTeamCountry "GER"]
[BlackTeamCountry "GER"]

1. e4 c5 2. Nf3 Nc6 3. d4 cxd4 4. Nxd4 Nf6 5. Nc3 d6 6. Bg5 Bd7 7. Qd2 a6 8.
O-O-O Qa5 9. Nb3 Qc7 10. f3 e6 11. Kb1 b5 12. Bxb5 axb5 13. Nxb5 Qb8 14. Nxd6+
Bxd6 15. Qxd6 Qxd6 16. Rxd6 h6 17. Bxf6 gxf6 18. Nc5 Nb8 19. Rhd1 Ra7 20. b4
Ke7 21. Kb2 Rg8 22. Rb6 Rc8 23. Kb3 Be8 24. c4 Rxc5 25. bxc5 Ba4+ 26. Kb2 Bxd1
27. Rxb8 Be2 28. Kb3 Bf1 29. Rg8 Kd7 30. a4 Kc6 31. g3 Bg2 32. f4 Bxe4 33. Rc8+
Rc7 34. Rh8 Kxc5 35. Rxh6 Kd4 0-1

[Event "Oberliga Ost B 2017 2018"]
[Site "Germany"]
[Date "2018.01.21"]
[Round "5.2"]
[White "Telljohann, Sven"]
[Black "Feldtmann, Thomas"]
[Result "1-0"]
[WhiteElo "2391"]
[BlackElo "2221"]
[PlyCount "65"]
[EventDate "2017.10.22"]
[EventType "team-tourn"]
[EventCountry "GER"]
[WhiteTeam "Frankfurter TV"]
[BlackTeam "Marburg SK"]
[WhiteTeamCountry "GER"]
[BlackTeamCountry "GER"]

1. Nf3 d5 2. g3 c6 3. Bg2 Bg4 4. b3 Nd7 5. Bb2 e6 6. d3 Ngf6 7. Nbd2 Bd6 8. O-O
h5 9. Qc1 h4 10. e4 Bxf3 11. Bxf3 Qc7 12. Qe1 Ne5 13. exd5 cxd5 14. Rc1 hxg3
15. hxg3 Nxf3+ 16. Nxf3 O-O 17. Bxf6 gxf6 18. c4 Qc6 19. Nd4 Qc5 20. Nxe6 fxe6
21. Qxe6+ Rf7 22. cxd5 Qb6 23. Rc4 Bf8 24. d6 Bxd6 25. Rg4+ Kf8 26. Rh4 Rd8 27.
Re1 Bc5 28. Rh8+ Kg7 29. Rh7+ Kxh7 30. Qxf7+ Kh8 31. Kg2 Qc6+ 32. f3 Bg1 33.
Re4 1-0

[Event "Oberliga Ost B 2017 2018"]
[Site "Germany"]
[Date "2018.01.21"]
[Round "5.3"]
[White "Alber, Horst"]
[Black "Diyap, Murat"]
[Result "1-0"]
[WhiteElo "2296"]
[BlackElo "2093"]
[PlyCount "57"]
[EventDate "2017.10.22"]
[EventType "team-tourn"]
[EventCountry "GER"]
[WhiteTeam "Marburg SK"]
[BlackTeam "Frankfurter TV"]
[WhiteTeamCountry "GER"]
[BlackTeamCountry "GER"]

1. d4 d5 2. Bg5 Nf6 3. Bxf6 exf6 4. e3 g6 5. Nc3 Bg7 6. Nge2 Nc6 7. Nf4 Ne7 8.
h4 Qd6 9. g3 Be6 10. Bg2 O-O 11. h5 Rfd8 12. Qe2 c5 13. hxg6 hxg6 14. Nb5 Qb6
15. dxc5 Qxc5 16. Nd4 Bd7 17. O-O-O Bc6 18. Qg4 Rac8 19. Qh3 Bd7 20. Qh7+ Kf8
21. c3 b5 22. Nb3 Qc4 23. Rh4 Bf5 24. Nxg6+ fxg6 25. Rxc4 Rxc4 26. e4 Bxe4 27.
f3 Kf7 28. Qh1 Rh8 29. Qf1 1-0

[Event "Oberliga Ost B 2017 2018"]
[Site "Germany"]
[Date "2018.01.21"]
[Round "5.4"]
[White "Neininger, Ralph"]
[Black "Rolle, Eric"]
[Result "0-1"]
[WhiteElo "2064"]
[BlackElo "2196"]
[PlyCount "80"]
[EventDate "2017.10.22"]
[EventType "team-tourn"]
[EventCountry "GER"]
[WhiteTeam "Frankfurter TV"]
[BlackTeam "Marburg SK"]
[WhiteTeamCountry "GER"]
[BlackTeamCountry "GER"]

1. d4 Nf6 2. Nf3 c5 3. c3 d5 4. dxc5 a5 5. c4 e6 6. Nc3 Bxc5 7. cxd5 Nxd5 8.
Nxd5 exd5 9. e3 O-O 10. Bd3 Qe7 11. O-O Nc6 12. a3 Rd8 13. Qc2 h6 14. h3 Bd6
15. Bh7+ Kh8 16. Bf5 Qf6 17. Bxc8 Raxc8 18. Qb3 Ne5 19. Nxe5 Qxe5 20. g3 Qf5
21. e4 dxe4 22. Kh2 a4 23. Qe3 Be5 24. Qe2 Rd3 25. Be3 Rb3 26. Rab1 Rc6 27. Kg2
h5 28. h4 g6 29. Rfe1 Qc8 30. Rec1 Qd7 31. Rd1 Qc7 32. Rd2 Rd6 33. Rbd1 Rxd2
34. Rxd2 Qc6 35. Kh2 Qf6 36. Kg2 Rxb2 37. Rxb2 Bxb2 38. Qb5 Bxa3 39. Qe8+ Kg7
40. Qxe4 Qc6 0-1

[Event "Oberliga Ost B 2017 2018"]
[Site "Germany"]
[Date "2018.01.21"]
[Round "5.5"]
[White "Duncker, Joachim"]
[Black "Medvedovski, Michael"]
[Result "0-1"]
[WhiteElo "2243"]
[BlackElo "2034"]
[PlyCount "96"]
[EventDate "2017.10.22"]
[EventType "team-tourn"]
[EventCountry "GER"]
[WhiteTeam "Marburg SK"]
[BlackTeam "Frankfurter TV"]
[WhiteTeamCountry "GER"]
[BlackTeamCountry "GER"]

1. e4 c5 2. Nc3 Nc6 3. Bb5 e5 4. d3 d6 5. Nge2 Be7 6. O-O a6 7. Bxc6+ bxc6 8.
f4 exf4 9. Bxf4 Nf6 10. Ng3 O-O 11. Qd2 Ng4 12. Kh1 Bf6 13. h3 g5 14. Be3 Nxe3
15. Qxe3 Rb8 16. Rab1 Bd4 17. Qe1 Be6 18. b3 Kh8 19. Nce2 Be5 20. Nf5 g4 21.
Ng1 Rg8 22. Qe3 Bxf5 23. Rxf5 gxh3 24. Qxh3 Rg3 25. Qh5 f6 26. Nf3 Bc3 27. Rf1
Qg8 28. Rf2 Rb7 29. Rf4 Rbg7 30. Nh4 R7g5 31. Qd1 Bd4 32. R2f3 Rxg2 33. Nxg2
Rxg2 34. Rf1 Qg3 35. Rh4 Rg1+ 36. Rxg1 Qxh4+ 37. Kg2 Qg5+ 38. Kh1 Qxg1+ 39.
Qxg1 Bxg1 40. Kxg1 Kg7 41. Kg2 f5 42. Kf3 Kf6 43. Kf4 fxe4 44. Kxe4 Kg5 45. Kf3
Kf5 46. Kg3 Kg5 47. Kf3 h5 48. Kg3 d5 0-1